000 00490cam a2200181ua 4500
001 1548
008 110711n ii |||gr||||Z||||||eng
040 _cMAIN
082 _a330.954162
100 1 _aDhar, P. K.,
_eAuthor.
245 1 _aThe economy of assam :
_bincluding economy of north east india /
_cby P. K. Dhar
250 _a3rd.
260 _aLudhiana:
_bKalyani Publishers,996.
300 _a382p:
_bill;
_c23cm.
653 _aEconomics
653 _aEconomy of assam
942 _cBK
999 _c1436
_d1436